Peine de Mort (Record no. 7771)

MARC details
000 -LEADER
fixed length control field 00512nam a22001937a 4500
003 - CONTROL NUMBER IDENTIFIER
control field TZ-ArACH
005 - DATE AND TIME OF LATEST TRANSACTION
control field 20260128105141.0
020 ## - INTERNATIONAL STANDARD BOOK NUMBER
International Standard Book Number 9781247715902
040 ## - CATALOGING SOURCE
Transcribing agency TZ-ArACH
050 ## - LIBRARY OF CONGRESS CALL NUMBER
Classification number HV8698
Item number .O45 2025
100 ## - MAIN ENTRY--PERSONAL NAME
Personal name Olivecrona, Knut
245 ## - TITLE STATEMENT
Title Peine de Mort
Statement of responsibility, etc Knut Olivecrona
250 ## - EDITION STATEMENT
Edition statement A 2025 public domain reprint of an 1868 book
260 ## - PUBLICATION, DISTRIBUTION, ETC. (IMPRINT)
Place of publication, distribution, etc Paris :
Name of publisher, distributor, etc Durand et Pedone-Lauriel;
Date of publication, distribution, etc 2025 (Reprint).
300 ## - PHYSICAL DESCRIPTION
Extent 202 p.
504 ## - BIBLIOGRAPHY, ETC. NOTE
Bibliography, etc Errata
650 ## - SUBJECT ADDED ENTRY--TOPICAL TERM
Topical term or geographic name as entry element Death penalty
Geographic subdivision France
942 ## - ADDED ENTRY ELEMENTS (KOHA)
Source of classification or shelving scheme Library of Congress Classification
Koha item type Books
Holdings
Home library Current library Date acquired Full call number Barcode Koha item type Public note
African Court on Human and Peoples' Rights Library African Court on Human and Peoples' Rights Library 22/01/2026 HV8698 .O45 2025 10043780 Books A 2025 public domain reprint of an 1868 book
African Court on Human and Peoples' Rights Library African Court on Human and Peoples' Rights Library 22/01/2026 HV8698 .O45 2025 10043829 Books A 2025 public domain reprint of an 1868 book

African Court on Human and Peoples' Rights | For Inquiries Contact » +255 272 510 510